[Event "Subang Jaya op 12th"]
[Site "Subang Jaya"]
[Date "2024.01.27"]
[Round "3"]
[White "Balakrisnan, Dhivyeesh"]
[Black "Tey, He Yang Ryan"]
[Result "0-1"]
[WhiteElo "1173"]
[BlackElo "1352"]
[PlyCount "52"]
[EventDate "2024.01.27"]
[EventType "swiss"]
[EventRounds "8"]
[EventCountry "MAS"]
[SourceTitle "CB06_2024"]
[SourceDate "2024.02.07"]
[SourceVersion "1"]
[SourceVersionDate "2024.02.07"]
[SourceQuality "1"]

1. e4 e6 2. d4 d5 3. e5 c5 4. c3 Nc6 5. Nf3 Bd7 6. dxc5 Bxc5 7. Bd3 h6 8. 0-0 Nge7 9. Bf4 a6 10. h3 Qc7 11. Re1 Ba7 12. Bg3 f6 13. Kh2 f5 14. Nfd2 0-0-0 15. a4 g5 16. h4 f4 17. Bxf4 gxf4 18. Qe2 Rdg8 19. b4 Ng6 20. Bxg6 Rxg6 21. b5 Nb8 22. bxa6 Nxa6 23. c4 d4 24. Ne4 Rhg8 25. Rg1 Qxe5 26. Nbd2 f3+ 0-1